100 Centre Guide to Commercial Property Developments 1975-76 (Record no. 86549)

MARC details
000 -LEADER
fixed length control field 00444cam a2200169 4500
001 - CONTROL NUMBER
control field D7649
008 - FIXED-LENGTH DATA ELEMENTS--GENERAL INFORMATION
fixed length control field 090401t1975 xxu||||| |||| 00| 0 eng d
035 ## - SYSTEM CONTROL NUMBER
System control number (Sirsi) u8697
041 ## - LANGUAGE CODE
Language code of text/sound track or separate title eng
050 ## - LIBRARY OF CONGRESS CALL NUMBER
Classification number 333.77
245 ## - TITLE STATEMENT
Title 100 Centre Guide to Commercial Property Developments 1975-76
260 ## - PUBLICATION, DISTRIBUTION, ETC.
Place of publication, distribution, etc. Epping, Essex
Name of publisher, distributor, etc. Gower Economic Publications
Date of publication, distribution, etc. 1975
300 ## - PHYSICAL DESCRIPTION
Extent xxii. 414p. illus. 30cm
350 ## - PRICE (NR) (BK AM CF MU VM SE) [OBSOLETE]
Price 0
942 ## - ADDED ENTRY ELEMENTS (KOHA)
Suppress in OPAC 0
948 ## - LOCAL PROCESSING INFORMATION (OCLC); SERIES PART DESIGNATOR (RLIN)
c (OCLC) 04/03/1997
Holdings
Withdrawn status Lost status Source of classification or shelving scheme Damaged status Not for loan Home library Current library Shelving location Date acquired Total Checkouts Full call number Barcode Date last seen Copy number Price effective from Koha item type
    Dewey Decimal Classification     London London Basement 14/09/1999   SHELF 316 30008124 06/08/2019 1 06/08/2019 Book